Spinoza: (Record no. 188068)

MARC details
000 -LEADER
fixed length control field 00623nam a22001817a 4500
005 - DATE AND TIME OF LATEST TRANSACTION
control field 20220509160309.0
010 ## - LCCN (DPL NO)
LC control number ENG-132571
020 ## - INTERNATIONAL STANDARD BOOK NUMBER
Terms of availability 9788195255726
035 ## - SYSTEM CONTROL NUMBER
System control number EN-116103
037 ## - SOURCE OF ACQUISITION
Source of stock number/acquisition DBAD/PUB
082 ## - DEWEY DECIMAL CLASSIFICATION NUMBER
Classification number 210.92
100 ## - MAIN ENTRY--PERSONAL NAME
Personal name Wal,George ter
245 ## - TITLE STATEMENT
Title Spinoza:
Remainder of title The power of Clear Thinking/
Statement of responsibility, etc George ter Wal
260 ## - PUBLICATION, DISTRIBUTION, ETC. (IMPRINT)
Place of publication, distribution, etc New Delhi
Name of publisher, distributor, etc J.C Sethi
Date of publication, distribution, etc 2021
270 ## - ADDRESS
Address Science of the Soul Research Centre c/o Radha Soami Satsang Beas 5 Guru Ravi Dass Marg, Pusa Road
City New Delhi
Postal code 110005
300 ## - PHYSICAL DESCRIPTION
Extent xvi,256p
Dimensions 22cm(hbk)
Other physical details Contact and General Information
942 ## - ADDED ENTRY ELEMENTS (KOHA)
Source of classification or shelving scheme Dewey Decimal Classification
Item type English Books
Classification part 210.92
Call number suffix WAL
Holdings
Withdrawn status Lost status Not for loan Collection code Home library Current library Date acquired Source of acquisition Cost, normal purchase price Full call number Barcode Copy number Cost, replacement price Koha item type
      Non-fiction Patel Nagar Patel Nagar 09/05/2022 DBAD/PUB 800.00 210.92 WAL EN-116103 1 800.00 English Books

© Delhi Public Library
Hit Counter
free hit counter